United States : Staff Report for the 1999 Article IV Consultation.

This 1999 Article IV Consultation highlights that the U.S. real GDP grew by 3.9 percent in 1998, reflecting buoyant consumption and investment spending. In the first quarter of 1999, real GDP grew by 4.3 percent (annual rate) before slowing to 2.3 percent in the second quarter. Consumption has been...

Celý popis

Podrobná bibliografie
Korporativní autor: International Monetary Fund
Médium: Časopis
Jazyk:English
Vydáno: Washington, D.C. : International Monetary Fund, 1999.
Edice:IMF Staff Country Reports; Country Report ; No. 1999/076
On-line přístup:Full text available on IMF
LEADER 01547cas a2200241 a 4500
001 AALejournalIMF007618
008 230101c9999 xx r poo 0 0eng d
020 |c 5.00 USD 
020 |z 9781451839517 
022 |a 1934-7685 
040 |a BD-DhAAL  |c BD-DhAAL 
110 2 |a International Monetary Fund. 
245 1 0 |a United States :   |b Staff Report for the 1999 Article IV Consultation. 
264 1 |a Washington, D.C. :  |b International Monetary Fund,  |c 1999. 
300 |a 1 online resource (56 pages) 
490 1 |a IMF Staff Country Reports 
500 |a <strong>Off-Campus Access:</strong> No User ID or Password Required 
500 |a <strong>On-Campus Access:</strong> No User ID or Password Required 
506 |a Electronic access restricted to authorized BRAC University faculty, staff and students 
520 3 |a This 1999 Article IV Consultation highlights that the U.S. real GDP grew by 3.9 percent in 1998, reflecting buoyant consumption and investment spending. In the first quarter of 1999, real GDP grew by 4.3 percent (annual rate) before slowing to 2.3 percent in the second quarter. Consumption has been boosted by a sharp fall in personal saving, with the ratio of personal saving to personal disposable income declining to 1\2 percent in 1998, and turning negative in the first quarter of 1999. 
538 |a Mode of access: Internet 
830 0 |a IMF Staff Country Reports; Country Report ;  |v No. 1999/076 
856 4 0 |z Full text available on IMF  |u http://elibrary.imf.org/view/journals/002/1999/076/002.1999.issue-076-en.xml  |z IMF e-Library